LEADER 01732oam 2200493 450 001 9910714768603321 005 20220518152017.0 024 8 $a39-978 035 $a(CKB)4100000011253373 035 $a(OCoLC)1151406080 035 $a(EXLCZ)994100000011253373 100 $a20200421d2020 ua 0 101 0 $aeng 135 $aur||||||||||| 181 $ctxt$2rdacontent 182 $cc$2rdamedia 183 $acr$2rdacarrier 200 10$aAssessing the United Nations Human Rights Council $ehearing before the Subcommittee on Multilateral International Development, Multilateral Institutions, and International Economic, Energy, and Environmental Policy of the Committee on Foreign Relations, United States Senate, One Hundred Fifteenth Congress, first session, May 25, 2017 210 1$aWashington :$cU.S. Government Publishing Office,$d2020. 215 $a1 online resource (iii, 45 pages) 225 1 $aS. hrg. ;$v115-776 300 $aAccess ID (govinfo): CHRG-115shrg39978. 320 $aIncludes bibliographical references. 517 $aAssessing the United Nations Human Rights Council 606 $aHuman rights 606 $aEvaluation$2fast 606 $aHuman rights$2fast 606 $aManagement$xEvaluation$2fast 608 $aLegislative hearings.$2fast 608 $aLegislative hearings.$2lcgft 615 0$aHuman rights. 615 7$aEvaluation. 615 7$aHuman rights. 615 7$aManagement$xEvaluation. 801 0$bGPO 801 1$bGPO 801 2$bGPO 801 2$bOCLCF 801 2$bOCLCQ 801 2$bGPO 906 $aBOOK 912 $a9910714768603321 996 $aAssessing the United Nations Human Rights Council$93535360 997 $aUNINA